| 000 | 00956nam a2200229Ia 4500 | ||
|---|---|---|---|
| 003 | Ost | ||
| 005 | 20260507075643.0 | ||
| 008 | 260507s9999||||xx |||||||||||||| ||und|| | ||
| 020 | _a533249960 | ||
| 040 | _cfsecg | ||
| 041 | _aara | ||
| 082 | _a350.1 | ||
| 100 |
_aديسلر، جاري _eمؤلف |
||
| 245 | 0 |
_aإدارة الموارد البشرية / _c جاري ديسلر |
|
| 260 |
_aالرياض: _bدار المريخ, _c2003 |
||
| 300 |
_a614 صفحة؛ _bإيضاحات ؛ _c24 سم |
||
| 520 | _aالإستقطاب والتسكين، التدريب والتنمية، التعويضات، علاقات العمل وأمن الموظفين، إدارة الموارد البشرية على مستوى المنظمات الدولية | ||
| 653 | _aإدارة الأفراد | ||
| 653 | _aإدارة الموارد البشرية | ||
| 700 |
_aعبد المتعال، محمد سيد أحمد _eمؤلف ثانوي |
||
| 942 | _cكتاب | ||
| 999 |
_c45444 _d45444 |
||